Vuoden biisi -palkinnon Emma-gaalassa voittaneet kappaleet - Statistics

Yleistilastot
  • Tätä visaa on pelattu 120 kertaa
  • Keskiarvotulos 17 / 37
Vastaustilastot
Vuosi Esittäjä Kappale % Oikein
2004 Egotrippi Matkustaja
86%
2014 Kasmir Vadelmavene
86%
2022 Bess Ram pam pam
82%
2021 Blind Channel Dark Side
80%
2006 Lordi Hard Rock Hallelujah
79%
2012 Robin Frontside Ollie
77%
2019 JVG Ikuinen vappu
77%
2020 Behm Hei rakas
76%
2000 Darude Sandstorm
76%
2015 Sanni 2080-luvulla
74%
1985 Dingo Autiotalo
74%
2016 Vesala Tequila
73%
2018 Pyhimys Jättiläinen
69%
2007 Jenni Vartiainen Ihmisten edessä
66%
1984 Dingo Levoton Tuhkimo
65%
2011 Jukka Poika Silkkii
61%
2013 J. Karjalainen Mennyt mies
53%
1993 Kaija Koo Kuka keksi rakkauden
51%
1999 Bomfunk MC Freestyler
49%
1987 Miljoonasade Marraskuu
46%
2009 Chisu Baden-Baden
45%
1995 Samuli Edelmann & Sani Tuhat yötä
32%
2017 Alma Chasing Highs
28%
2008 Chisu Mun koti ei oo täällä
27%
1986 Juice Leskinen Kaksoiselämää
21%
2001 The Rasmus F-F-F-Falling
20%
2010 Jenni Vartiainen En haluu kuolla tänä yönä
19%
1983 Kake Randelin Avaa hakas
18%
1996 J. Karjalainen Missä se Väinö on?
17%
2002 Timo Rautiainen & Trio Niskalaukaus Surupuku
16%
1997 Don Huonot Riidankylväjä
15%
1998 Jonna Tervomaa Suljettu sydän
12%
2003 Don Johnson Big Band One MC, One Delay
10%
2005 HIM Wings of a Butterfly
10%
1992 J. Karjalainen Mies, jolle ei koskaan tapahdu mitään
6%
1994 Samuli Edelmann Ihana ilta
1%
1991 Mikko Kuustonen Taivasvarjele
0%
Ehtoja vastaavia visoja ei löytynyt
Tulosjakauma
Jokaisen tuloksen saaneiden osuus
Persentiili vastausten määrän mukaan
Tuloshistoriasi
Et ole pelannut tätä visaa